Writing scientific research in communication sciences and disorders / (Record no. 192733)

MARC details
000 -LEADER
fixed length control field 01793cam a2200433 i 4500
003 - CONTROL NUMBER IDENTIFIER
control field SIRSI
005 - DATE AND TIME OF LATEST TRANSACTION
control field 20250925104057.0
008 - FIXED-LENGTH DATA ELEMENTS--GENERAL INFORMATION
fixed length control field 150608t20162016caua b 001 0 eng
010 ## - LIBRARY OF CONGRESS CONTROL NUMBER
LC control number 2015022421
019 ## -
-- 911210674
020 ## - INTERNATIONAL STANDARD BOOK NUMBER
International Standard Book Number 9781597566148
Qualifying information (alk. paper)
020 ## - INTERNATIONAL STANDARD BOOK NUMBER
International Standard Book Number 1597566144
Qualifying information (alk. paper)
035 ## - SYSTEM CONTROL NUMBER
System control number (OCoLC)910948386
Canceled/invalid control number (OCoLC)911210674
035 ## - SYSTEM CONTROL NUMBER
System control number UtOrBLW
040 ## - CATALOGING SOURCE
Original cataloging agency DNLM/DLC
Language of cataloging eng
Description conventions rda
Transcribing agency DLC
Modifying agency YDX
-- NLM
-- YDXCP
-- CDX
-- OCLCF
-- OCLCQ
-- UPB
-- UtOrBLW
042 ## - AUTHENTICATION CODE
Authentication code pcc
050 00 - LIBRARY OF CONGRESS CALL NUMBER
Classification number R119
Item number .B76 2016
060 00 - NATIONAL LIBRARY OF MEDICINE CALL NUMBER
Classification number 2015 L-344
060 10 - NATIONAL LIBRARY OF MEDICINE CALL NUMBER
Classification number WZ 345
082 00 - DEWEY DECIMAL CLASSIFICATION NUMBER
Classification number 808.06/661
Edition number 23
100 1# - MAIN ENTRY--PERSONAL NAME
Personal name Brookshire, Robert H.,
Relator term author.
245 10 - TITLE STATEMENT
Title Writing scientific research in communication sciences and disorders /
Statement of responsibility, etc. Robert H. Brookshire, PhD, CCC-SLP, F-ASHA, Shelley B. Brundage, PhD, CCC-SLP, BCS-F, F-ASHA.
264 #1 - PRODUCTION, PUBLICATION, DISTRIBUTION, MANUFACTURE, AND COPYRIGHT NOTICE
Place of production, publication, distribution, manufacture San Diego, CA :
Name of producer, publisher, distributor, manufacturer Plural Publishing, Inc.,
Date of production, publication, distribution, manufacture, or copyright notice [2016]
264 #4 - PRODUCTION, PUBLICATION, DISTRIBUTION, MANUFACTURE, AND COPYRIGHT NOTICE
Date of production, publication, distribution, manufacture, or copyright notice ©2016
300 ## - PHYSICAL DESCRIPTION
Extent xiii, 214 pages :
Other physical details illustrations ;
Dimensions 26 cm
336 ## - CONTENT TYPE
Content type term text
Content type code txt
Source rdacontent
337 ## - MEDIA TYPE
Media type term unmediated
Media type code n
Source rdamedia
338 ## - CARRIER TYPE
Carrier type term volume
Carrier type code nc
Source rdacarrier
504 ## - BIBLIOGRAPHY, ETC. NOTE
Bibliography, etc. note Includes bibliographical references and index.
505 0# - FORMATTED CONTENTS NOTE
Formatted contents note Writing and learning are complementary activities -- The introduction -- The method -- The results -- Constructing data tables -- Constructing data graphs -- The discussion -- The title -- The abstract -- Literature reviews -- Content editing -- Copy editing -- Getting published -- The writing process.
596 ## -
-- 1
583 ## - ACTION NOTE
Action sr
Action identification YBP
Time/date of action 20160610
Institution to which field applies UPB
583 ## - ACTION NOTE
Action copy
Time/date of action 20160708
Action agent jlc
Institution to which field applies UPB
650 #0 - SUBJECT ADDED ENTRY--TOPICAL TERM
Topical term or geographic name entry element Medical writing.
650 #0 - SUBJECT ADDED ENTRY--TOPICAL TERM
Topical term or geographic name entry element Communicative disorders
General subdivision Research
-- Methodology.
700 1# - ADDED ENTRY--PERSONAL NAME
Personal name Brundage, Shelley B.,
Relator term author.
926 ## -
-- LEE
-- LEE-LIB
-- R 119 .B76 2016
-- BOOK
-- 1

No items available.